000 00277nam a22001097a 4500
020 _a0631153004
082 _a361.620942SOC.
245 _aSocial policy: a survey of recent development.
260 _aOxford.
_bBasil blackwell.
_c1973.
300 _ax, 278p.
_b23cm.
942 _cBK
999 _c14766
_d14766